[Event "Chennai WinTV op 1st"]
[Site "Chennai"]
[Date "2004.01.28"]
[Round "9"]
[White "Srikar, KS."]
[Black "Arun, Hariharan CR"]
[Result "1/2-1/2"]
[WhiteElo "2173"]
[BlackElo "2025"]
[PlyCount "43"]
[EventDate "2004.01.21"]
[EventType "swiss"]
[EventRounds "13"]
[EventCountry "IND"]
[SourceTitle "CBM 098 Extra"]
[Source "ChessBase"]
[SourceDate "2004.03.10"]
[SourceVersion "2"]
[SourceVersionDate "2004.03.10"]
[SourceQuality "1"]

1. e4 c5 2. Nf3 d6 3. Bb5+ Bd7 4. Bxd7+ Qxd7 5. 0-0 Nf6 6. Nc3 Nc6 7. d4 cxd4 8. Nxd4 g6 9. f3 Bg7 10. Be3 0-0 11. Qe1 Nxe4 12. Nxc6 Nxc3 13. Nxe7+ Qxe7 14. bxc3 Rfc8 15. Qf2 Bxc3 16. Rad1 b6 17. Kh1 Rc6 18. Bf4 Rac8 19. Qg3 Be5 20. Rfe1 Bxf4 21. Qxf4 Qd7 22. h3 1/2-1/2